| 000 | 00821nam2a22001931 4500 | ||
|---|---|---|---|
| 001 | RU\NLR\A1SV\68710 | ||
| 005 | 20251203152403.2 | ||
| 035 | _a(NLR Aleph) 009750300 | ||
| 090 |
_a13482275 _c13482275 |
||
| 100 | _a20060315d1919 u y0rusy50 ca | ||
| 101 | 0 | _arus | |
| 200 | 0 | _aВып.1 | |
| 461 | 1 |
_1001RU\NLR\A1SV\68709 _12000#$a[Издания]$fКубан. им. И.Пигита опытно-хоз. табач. плантация$vВып.1 _99978095 _aКубанская опытно-хозяйственная табачная плантация _cЕкатеринодар _d1919 _fКубан. им. И.Пигита опытно-хоз. табач. плантация _t[Издания] _vВып.1 |
|
| 801 | 0 |
_aRU _bNLR _c20060315 |
|
| 852 |
_aNLR _jМф П-1/302 |
||
| 942 | _cBOOK | ||
| 980 | _aA1SV | ||
| 980 | _aNB | ||